1995 1242 1078 1698 1286 1099 1764 1832 1317 1678 1346 1301 1471 1104 1568 1928 1476 1690 1447 1185 1081 1004 1388 1116 1419 1152 1646 1599 1661 1596 1271 1790 1694 1302 1867 1875 1772 1793 1716 1866 1703 1901 1471 1466 1204 1360 1586 1223 1630 1420 1011 1444 1173 1945 1145 1024 1828 1197 1425 1431 1725 1105 1942 1591 1853 1067 1306 1649 1748 1368 1403 1741 1318 1530 1601 1373 1753 1637 1806 1265 1239 1523 1844 1023 1764 1484 1786 1397 1162 1847 1889 1088 1697 1336 1953 1160 1934 1736 1855 BCNSPRNW ULIB Ver.6.0+V

เปลี่ยนเป็นภาษาไทย

Change to English
 แสดงรายละเอียดบรรณานุกรม
  กลับหน้าหลัก

Brief Record : Get Marc (ISO 2709) : E-mail record : QR code < ปิดหน้าต่าง
LEADER : 00000nam 2200000uu 4500
001    13399125955
003     ULIB
008    171123s||||||||th 000 0 tha d
020    ^a9789740944683 ^c300
060 04 ^aWY105 ^bอ792ก
100 0  ^aอุดมรัตน์ สงวนศิริธรรม
245 10 ^aการพัฒนาวิชาชีพการพยาบาล = ^bProfessional nursing development /^cอุดมรัตน์ สงวนศิริธรรม
246 31 ^aProfessional nursing development
250    ^aพิมพ์ครั้งที่ 2
260    ^aเชียงใหม่ : ^bโรงพิมพ์ช้างเผือก, ^c2553
300    ^aXIV, 306 หน้า
504    ^aบรรณานุกรมท้ายบท
504    ^aดัชนีท้ายเล่ม
590    ^aP-T-56
650  7 ^aการพยาบาล
650  7 ^aการพยาบาล ^xมาตรฐาน
650  7 ^aพยาบาล
650  7 ^aการพัฒนาบุคลากร
710 2  ^aมหาวิทยาลัยเชียงใหม่ ^bคณะพยาบาลศาสตร์
945    ^p0^l0^i003395
999    ^aประนอม เกษจรัล
รายการนี้ยังไม่มีแท็ก
คุณยังไม่ได้ล็อกอิน คุณสามารถมีกิจกรรมร่วมกับเว็บไซต์ได้ แต่ต้องล็อกอินก่อน ::
  ล็อกอิน

รายการสื่อสารสนเทศ

ลำดับที่ ประเภท เลขเรียก/บาร์โค้ด สถานที่ สถานะ
1. วิทยาศาสตร์การแพทย์ และสุขภาพ
วิทยาศาสตร์การแพทย์ และสุขภาพ
WY105 อ792ก ฉ.1 
  Barcode: 003395
ห้องสมุดวิทยาเขตสวรรค์ประชารักษ์
►ส่วนจัดเก็บหนังสือเก่า สปร
บนชั้น
  ขอยืม

รายการใกล้เคียง
    ผู้แต่ง [อุดมรัตน์ สงวนศิริธรรม]

    หัวเรื่อง [การพยาบาล]
    หัวเรื่อง [พยาบาล]
    หัวเรื่อง [การพัฒนาบุคลากร]

BibComment


ยังไม่เคยถูกคอมเมนท์

คอมเมนท์ทรัพยากรรายการนี้
  คอมเมนท์: การพัฒนาวิชาชีพก..


 Copyright 2026. Bcnsprnw @Library